000 00332nam a22001457a 4500
003 OSt
005 20211231110448.0
008 211231b |||||||| |||| 00| 0 eng d
020 _a3540657622
040 _cHU
082 _a006.7
100 _aAdv
_93018
245 _aAdvanced Multimedia Content Processing
942 _2ddc
_cBOOKS
_n0
999 _c25517
_d25517